00309nam a2200097Ia 4500008004100000082001900041100002400060245008400084260003400168300000900202210430s9999 xx 000 0 und d a620.11 B9271 E aKenneth G. Budinski aEngineering Materials Properties and Selection 9th editioncKenneth G. Budinski aNew DelhibPHl Learningc2010 a774p